| 000 | 00506nam a2200169Ia 4500 | ||
|---|---|---|---|
| 008 | 231221s9999 xx 000 0 und d | ||
| 041 | _aEnglish | ||
| 082 | _a370 PAD;2 R | ||
| 100 | _aPadmaprasad, S P | ||
| 245 | 0 | _aShikshana mattu raashtreeya kaalajigalu : education and national concerns | |
| 250 | _a1st ed. | ||
| 260 |
_c2004 _bSumuka _aBangalore |
||
| 300 | _a160 | ||
| 500 | _aTransfered to SSM School | ||
| 650 | _aShikshana,mattu,raashtreeya,kaalajigalu,education,national | ||
| 942 | _cED | ||
| 999 |
_c213054 _d213054 |
||